000 00208nam a22000977a 4500
999 _c16099
_d16099
003 OSt
008 191106b ||||| |||| 00| 0 eng d
100 _aRajan,A D.
_94545
245 _aSariyum thettum
942 _cBK